|
|
|
|
| LEADER |
00000cam a2200000 7i4500 |
| 001 |
0000296719 |
| 005 |
20240403130232.0 |
| 007 |
t |
| 008 |
220125t20212017enka e 0000 eng d |
| 020 |
|
|
|a 9780500296028
|
| 040 |
|
|
|a MBPJ
|b eng
|c MBPJ
|e rda
|
| 090 |
0 |
0 |
|a 032.02
|b MAS
|
| 100 |
1 |
|
|a Masters, Mathilda ,
|e author
|
| 245 |
1 |
0 |
|a 321 SERIOUSLY SMART THINGS YOU NEED TO KNOW
|c Mathilda Masters ; Illustrations by Louize Perdieus
|
| 246 |
3 |
|
|a Three hundred twenty one seriously smart things you need to know
|
| 264 |
|
1 |
|a London :
|b Thames & Hudson Ltd
|c [2021]
|
| 264 |
|
4 |
|c ©2017
|
| 300 |
|
|
|a 287 pages :
|b colour illustrations ;
|c 24 cm.
|
| 336 |
|
|
|a text
|2 rdacontent
|
| 337 |
|
|
|a unmediated
|2 rdamedia
|
| 338 |
|
|
|a volume
|2 rdacarrier
|
| 650 |
|
0 |
|a Curiosities and wonders
|
| 700 |
1 |
|
|a Perdieus, Louize ,
|e illustrator
|
| 999 |
|
|
|a 00389406
|b BUKU
|c PINJAMAN
|e PERPUSTAKAAN KOMUNITI PETALING JAYA
|